000 00524nam a2200181Ia 4500
005 20250508151435.0
008 008 250505s9999 xx 000 0 eng d
037 _aTextual
040 _aFEDL
_beng
_cFEDL
041 _aeng
_2eng
084 _a822.91, STU
_qFEDL
100 _aStuart Pauline
_9759135
245 0 _aSinbad the sailor: A basic pantomime in three acts
260 _aLondon, UK
_bSamuel French Limited
_c1952
300 _axv,70p.
942 _cTEXL
_h822.91, STU
999 _c1329810
_d1329810